Stop school failure (Record no. 58456)

MARC details
000 -LEADER
fixed length control field 00702nam a2200217 a 4500
008 - FIXED-LENGTH DATA ELEMENTS--GENERAL INFORMATION
fixed length control field 120416s1972 ||||||||||||||||| || u
020 ## - INTERNATIONAL STANDARD BOOK NUMBER
International Standard Book Number 0060101148
050 ## - LIBRARY OF CONGRESS CALL NUMBER
Classification number LC 4661 Ame
100 ## - MAIN ENTRY--PERSONAL NAME
Personal name Gillespie, Clyde
245 10 - TITLE STATEMENT
Title Stop school failure
260 ## - PUBLICATION, DISTRIBUTION, ETC.
Place of publication, distribution, etc. New York:
Name of publisher, distributor, etc. Harper & Row
Date of publication, distribution, etc. 1972
300 ## - PHYSICAL DESCRIPTION
Extent vii, 308 p.: ill.
350 ## - PRICE (NR) (BK AM CF MU VM SE) [OBSOLETE]
Price 0.00
500 ## - GENERAL NOTE
General note Bibliography: p. 289-295.
650 ## - SUBJECT ADDED ENTRY--TOPICAL TERM
Topical term or geographic name entry element CHILDREN
650 ## - SUBJECT ADDED ENTRY--TOPICAL TERM
Topical term or geographic name entry element School failure
650 ## - SUBJECT ADDED ENTRY--TOPICAL TERM
Topical term or geographic name entry element PROBLEM CHILDREN--EDUCATION
700 ## - ADDED ENTRY--PERSONAL NAME
Personal name Streff, John W
700 ## - ADDED ENTRY--PERSONAL NAME
Personal name Ames, Louise Bates
995 ## - RECOMMENDATION 995 [LOCAL, UNIMARC FRANCE]
-- 0.00
-- CBU-MAIN LIBRARY (Kitwe)
-- 1
-- 7.95
-- 1
-- AVAILABLE
-- Annex Low-Usage Collection
Holdings
Withdrawn status Lost status Source of classification or shelving scheme Damaged status Not for loan Home library Current library Shelving location Date acquired Total Checkouts Full call number Barcode Date last seen Price effective from Koha item type
          CBU-MAIN LIBRARY, KITWE. CBU-MAIN LIBRARY, KITWE.   11/30/2022   LC 4661 Ame 009215 11/30/2022 11/30/2022 MONOGRAPH